Dots : (Record no. 352767)
[ view plain ]
| 000 -LEADER | |
|---|---|
| fixed length control field | 00911 a2200277 4500 |
| 003 - CONTROL NUMBER IDENTIFIER | |
| control field | OSt |
| 005 - DATE AND TIME OF LATEST TRANSACTION | |
| control field | 20180116192346.0 |
| 008 - FIXED-LENGTH DATA ELEMENTS--GENERAL INFORMATION | |
| fixed length control field | 120530t xxu||||| |||| 00| 0 eng d |
| 010 ## - LIBRARY OF CONGRESS CONTROL NUMBER | |
| LC control number | 98086162 |
| 020 ## - INTERNATIONAL STANDARD BOOK NUMBER | |
| International Standard Book Number | 0764306340 |
| 020 ## - INTERNATIONAL STANDARD BOOK NUMBER | |
| International Standard Book Number | 9780764306341 |
| 035 ## - SYSTEM CONTROL NUMBER | |
| System control number | (DLC) 98086162 |
| 040 ## - CATALOGING SOURCE | |
| Transcribing agency | 0 |
| 082 00 - DEWEY DECIMAL CLASSIFICATION NUMBER | |
| Classification number | 677.028 |
| 100 1# - MAIN ENTRY--PERSONAL NAME | |
| Personal name | Skinner, Tina. |
| 9 (RLIN) | 2585 |
| 245 10 - TITLE STATEMENT | |
| Title | Dots : |
| Remainder of title | a pictorial essay on pointed, printed patterns / |
| Statement of responsibility, etc. | Tina Skinner. |
| 260 ## - PUBLICATION, DISTRIBUTION, ETC. | |
| Place of publication, distribution, etc. | Atglen, PA : |
| Name of publisher, distributor, etc. | Schiffer Pub. Ltd, |
| Date of publication, distribution, etc. | 1998. |
| 300 ## - PHYSICAL DESCRIPTION | |
| Extent | 112 p. : |
| Other physical details | col. ill. ; |
| Dimensions | 28 cm. |
| 490 1# - SERIES STATEMENT | |
| Series statement | A Schiffer book for designers & collectors |
| 650 #0 - SUBJECT ADDED ENTRY--TOPICAL TERM | |
| Topical term or geographic name entry element | Textile design. |
| 9 (RLIN) | 2586 |
| 650 #0 - SUBJECT ADDED ENTRY--TOPICAL TERM | |
| Topical term or geographic name entry element | Dots (Art) |
| 9 (RLIN) | 2587 |
| 650 #0 - SUBJECT ADDED ENTRY--TOPICAL TERM | |
| Topical term or geographic name entry element | Repetitive patterns (Decorative arts) |
| 9 (RLIN) | 2588 |
| 830 #0 - SERIES ADDED ENTRY--UNIFORM TITLE | |
| Uniform title | Schiffer book for collectors and designers. |
| 9 (RLIN) | 2589 |
| 942 ## - ADDED ENTRY ELEMENTS (KOHA) | |
| Institution code [OBSOLETE] | SADA |
| Koha item type | Book |
| Call number prefix | 677.028 SKI 1998 |
| Source of classification or shelving scheme | |
| Withdrawn status | Lost status | Source of classification or shelving scheme | Damaged status | Not for loan | Permanent Location | Current Location | Date acquired | Total Checkouts | Full call number | Barcode | Date last seen | Cost, replacement price | Price effective from | Koha item type |
|---|---|---|---|---|---|---|---|---|---|---|---|---|---|---|
| School of Art Design and Architecture (SADA) | School of Art Design and Architecture (SADA) | 04/11/2011 | 677.028 SKI 1998 | SADA0000766 | 08/05/2011 | 1774.00 | 08/05/2011 | Book |
